000 00421nam a2200157Ia 4500
008 181130s2018 xx 000 0 und d
100 _aMalar, Mercia Selva
245 _aEthics in higher education for value-driven leaders
260 _c2018
300 _ap.3-7.
504 _d14-May
650 _aHigher education
650 _aHigher education - Ethics
773 _aUniversity News
906 _aHigher education
999 _c506226
_d506226